| 000 | 00395nam a22001697a 4500 | ||
|---|---|---|---|
| 003 | SGT | ||
| 020 | _a9780078028977 | ||
| 082 |
_a659 _bA13B |
||
| 100 | _aBLEACH,GEORGE E. | ||
| 245 | _aADVERTISING PROMOTION | ||
| 250 | _a9TH | ||
| 260 |
_aNEW DELHI _bMC GRAW HILL WCUCATION _c2013 |
||
| 300 | _a1016 | ||
| 650 | _aADVERTISING PROMOTION | ||
| 653 | _aADVERTISING PROMOTION | ||
| 942 |
_2ddc _cBK |
||
| 999 |
_c12785 _d12785 |
||